Východiská k modelom analýzy a kontroly tvorby a realizácie plánu investičnej výstavby 1. etapa riešenia čiastkovej úlohy SPEV 902 003/05 "Modely analýzy a kontroly tvorby a realizácie

Salvato in:
Dettagli Bibliografici
Autore principale: Krčmár, Marián
Altri autori: Fidrmuc, Jaroslav, Kačurová, Mária
Natura: Libro
Lingua:slovacco
Pubblicazione: Bratislava Výskumný ústav národohospodársky VŠE 1981
Tags: Aggiungi Tag
Nessun Tag, puoi essere il primo ad aggiungerne!!

MARC

LEADER 00000nam a2200000 4500
001 c127269
005 20210820131329.7
041 0 |a slo 
044 |a SK 
245 1 0 |a Východiská k modelom analýzy a kontroly tvorby a realizácie plánu investičnej výstavby  |b 1. etapa riešenia čiastkovej úlohy SPEV 902 003/05 "Modely analýzy a kontroly tvorby a realizácie  |c Marián Krčmár, Jaroslav Fidrmuc, Mária Kačurová 
264 1 |a Bratislava  |b Výskumný ústav národohospodársky VŠE  |c 1981 
300 |a 66 s. 
100 1 |a Krčmár, Marián 
700 1 |a Fidrmuc, Jaroslav 
700 1 |a Kačurová, Mária